Detecting barely visible impact damages of honeycomb and laminate CFRP using digital shearography; Перспективные материалы с иерархической структурой для новых технологий и надежных конструкций

Bibliografiske detaljer
Parent link:Перспективные материалы с иерархической структурой для новых технологий и надежных конструкций.— 2017.— [С. 507-508]
Institution som forfatter: Национальный исследовательский Томский политехнический университет (ТПУ) Институт физики высоких технологий (ИФВТ) Кафедра материаловедения в машиностроении (ММС)
Andre forfattere: Burkov M. V. Mikhail Vladimirovich, Lyubutin P. S. Pavel Stepanovich, Byakov A. V. Anton Viktorovich, Panin S. V. Sergey Viktorovich
Summary:Заглавие с экрана
Sprog:engelsk
Udgivet: 2017
Serier:Методы и средства неразрушающего контроля материалов и конструкций с иерархической структурой
Fag:
Online adgang:http://www.ispms.ru/files/Conference/2017_m/sb_tez_2017.pdf#page=508
Format: MixedMaterials Electronisk Book Chapter
KOHA link:https://koha.lib.tpu.ru/cgi-bin/koha/opac-detail.pl?biblionumber=657051

MARC

LEADER 00000nla2a2200000 4500
001 657051
005 20240111145828.0
035 |a (RuTPU)RU\TPU\network\23531 
035 |a RU\TPU\network\23530 
090 |a 657051 
100 |a 20171226d2017 k y0rusy50 ba 
101 0 |a eng 
102 |a RU 
105 |a a z 101zy 
135 |a drgn ---uucaa 
181 0 |a i  
182 0 |a b 
200 1 |a Detecting barely visible impact damages of honeycomb and laminate CFRP using digital shearography  |f M. V. Burkov [et al.] 
203 |a Text  |c electronic 
225 1 |a Методы и средства неразрушающего контроля материалов и конструкций с иерархической структурой 
300 |a Заглавие с экрана 
463 1 |0 (RuTPU)RU\TPU\network\23304  |t Перспективные материалы с иерархической структурой для новых технологий и надежных конструкций  |o тезисы докладов Международной конференции, 9-13 октября 2017 г., Томск  |f Российская академия наук (РАН), Сибирское отделение (СО), Институт физики прочности и материаловедения (ИФПМ)  |v [С. 507-508]  |d 2017 
610 1 |a электронный ресурс 
610 1 |a труды учёных ТПУ 
610 1 |a повреждения 
610 1 |a аэрокосмическая промышленность 
610 1 |a композиты 
610 1 |a оптические методы 
610 1 |a интерферометрические методы 
610 1 |a неразрушающий контроль 
610 1 |a деформации 
610 1 |a поверхности 
701 1 |a Burkov  |b M. V.  |c specialist in the field of material science  |c associate professor of Tomsk polytechnical university, Candidate of Technical Sciences  |f 1987-  |g Mikhail Vladimirovich  |3 (RuTPU)RU\TPU\pers\32915 
701 1 |a Lyubutin  |b P. S.  |c specialist in the field of material science  |c Engineer of Tomsk Polytechnic University, Candidate of technical sciences  |f 1981-  |g Pavel Stepanovich  |3 (RuTPU)RU\TPU\pers\32914 
701 1 |a Byakov  |b A. V.  |c specialist in the field of material science  |c engineer of Tomsk polytechnical university, Candidate of Technical Sciences  |f 1985-  |g Anton Viktorovich  |3 (RuTPU)RU\TPU\pers\35461 
701 1 |a Panin  |b S. V.  |c specialist in the field of material science  |c Professor of Tomsk Polytechnic University, Doctor of technical sciences  |f 1971-  |g Sergey Viktorovich  |3 (RuTPU)RU\TPU\pers\32910  |9 16758 
712 0 2 |a Национальный исследовательский Томский политехнический университет (ТПУ)  |b Институт физики высоких технологий (ИФВТ)  |b Кафедра материаловедения в машиностроении (ММС)  |3 (RuTPU)RU\TPU\col\18688 
801 1 |a RU  |b 63413507  |c 20101016 
801 2 |a RU  |b 63413507  |c 20171226  |g RCR 
856 4 |u http://www.ispms.ru/files/Conference/2017_m/sb_tez_2017.pdf#page=508 
942 |c CF